50 Shades of Gray Quiz Stats

 Plays Quiz Updated Sep 28, 2016

Also try: Pick Which Color?
Challenge
Share
Tweet
Embed
Score 0/50 Timer 05:00
0 Plays Today
% Correct
1
95.2%
2
92.7%
3
91.5%
4
90.8%
5
89.8%
6
88.4%
7
87.4%
8
86.5%
9
85.4%
10
83.6%
11
82.5%
12
81.5%
13
80.6%
14
79.1%
15
78.1%
16
77.5%
17
75.7%
18
75%
19
73.7%
21
72.2%
20
72.2%
22
71.4%
23
70.3%
24
69.8%
25
69.3%
% Correct
26
68.1%
27
66.9%
28
66.3%
30
65.3%
29
65%
31
64.5%
32
64%
33
63.5%
34
62.7%
35
62.2%
36
61.9%
38
61.7%
37
61.5%
39
61.3%
40
60.9%
41
60.9%
50
60.3%
44
60.3%
43
60.2%
42
60.2%
45
59.7%
49
58.9%
46
58.8%
47
58.8%
48
58.7%

You're not logged in!

Compare scores with friends on all Sporcle quizzes.
Join for Free
OR
Log In

You Might Also Like...

Show Comments

Extras

Top Quizzes Today


Score Distribution

Your Account Isn't Verified!

In order to create a playlist on Sporcle, you need to verify the email address you used during registration. Go to your Sporcle Settings to finish the process.

Report this User

Report this user for behavior that violates our Community Guidelines.

Details: